| 000 | 00954cam a22002537a 4500 | ||
|---|---|---|---|
| 003 | OSt | ||
| 005 | 20150505171328.0 | ||
| 008 | 150505s2013 sp a o001 0dspa d | ||
| 017 | _aDL M. 11730-2013 | ||
| 020 | _a9788415691099 (La Fábrica) | ||
| 020 | _a9788415272489 (AC/E) | ||
| 040 |
_bcat _cCDMR |
||
| 245 | 0 | 0 |
_aDiccionario de fotógrafos españoles _b: del siglo XIX al XXI _c[dirección: Oliva María Rubio] |
| 260 |
_aMadrid : _bLa Fábrica _bAC/E Acción Cultural Española _c2013 |
||
| 300 |
_a657p. : _bil. b/n i col. ; _c 31 cm |
||
| 504 | _aBibliografia. Índex | ||
| 650 | 4 |
_aFotògrafs _zEspanya _xDiccionaris _xCastellà _2lemac _93097 |
|
| 651 | 4 |
_aFotografia _zEspanya _xHistòria _yS. XIX _2lemac |
|
| 651 | 4 |
_aFotografia _zEspanya _xHistòria _yS. XX _2lemac |
|
| 651 | 4 |
_aFotografia _zEspanya _xHistòria _yS. XXI _2lemac |
|
| 700 | 1 |
_aRubio, Oliva María, _edir. |
|
| 710 | 2 | _aSociedad Estatal de Acción Cultural (Espanya) | |
| 942 | _cMON | ||
| 999 |
_c6797 _d6797 |
||